00801cam a2200217 45000010008000000030004000080050017000120080041000290100017000700400018000870430012001050820015001172450049001322600046001813000019002274400051002465000139002976500042004366510046004787100059005241722704OSt20230620091151.0720824s1966 ke 100 0 eng  a 72983129  aDLCcDLCdDLC afe----- a310.6bEAi00aRacial and communal tensions in East Africa. aNairobib[East African Pub. House,c1966] a133 p.c23 cm. 0aContemporary African monographs series,vno. 3 a"[Papers of] a seminar ... organized during November 26th to 30th, 1964 by the East African Institute of Social and Cultural Affairs." 0aMinoritieszAfrica, EastxCongresses. 0aAfrica, EastxRace relationsxCongresses.2 aEast African Institute of Social and Cultural Affairs.